000 00599nam a2200181Ia 4500
003 GCL
008 140319s9999 xx 000 0 ara d
040 _aGCL /
_cGCL
082 0 4 _aق
_b378.932
_bس م
100 1 _aسمير اديب
245 1 0 _aمرحلة التعليم العالى فى مصر القديمة :
_bدور الحياة /
_cسمير اديب
260 _aالقاهرة :
_bالعربى للنشر والتوزيع ،
_c1990
300 _a225 ص ؛
_c24 سم
650 0 4 _aمصر
650 0 4 _aالتعليم
650 0 4 _aالحضارة الفرعونية
942 _2ddc
_cBK
999 _c57839
_d57839